<?xml version="1.0" encoding="UTF-8"?><?xml-stylesheet type="text/xsl" href="static/style.xsl"?><OAI-PMH xmlns="http://www.openarchives.org/OAI/2.0/" xmlns:xsi="http://www.w3.org/2001/XMLSchema-instance" xsi:schemaLocation="http://www.openarchives.org/OAI/2.0/ http://www.openarchives.org/OAI/2.0/OAI-PMH.xsd"><responseDate>2026-04-13T07:04:07Z</responseDate><request verb="GetRecord" identifier="oai:www.recercat.cat:2072/476416" metadataPrefix="marc">https://recercat.cat/oai/request</request><GetRecord><record><header><identifier>oai:recercat.cat:2072/476416</identifier><datestamp>2025-07-29T23:02:32Z</datestamp><setSpec>com_2072_98</setSpec><setSpec>col_2072_378192</setSpec></header><metadata><record xmlns="http://www.loc.gov/MARC21/slim" xmlns:dcterms="http://purl.org/dc/terms/" xmlns:xsi="http://www.w3.org/2001/XMLSchema-instance" xmlns:doc="http://www.lyncode.com/xoai" xsi:schemaLocation="http://www.loc.gov/MARC21/slim http://www.loc.gov/standards/marcxml/schema/MARC21slim.xsd">
   <leader>00925njm 22002777a 4500</leader>
   <datafield ind2=" " ind1=" " tag="042">
      <subfield code="a">dc</subfield>
   </datafield>
   <datafield ind2=" " ind1=" " tag="720">
      <subfield code="a">Segura, Carlos</subfield>
      <subfield code="e">author</subfield>
   </datafield>
   <datafield ind2=" " ind1=" " tag="720">
      <subfield code="a">Ferrando, Irene</subfield>
      <subfield code="e">author</subfield>
   </datafield>
   <datafield ind2=" " ind1=" " tag="720">
      <subfield code="a">Albarracín Gordo, Lluís</subfield>
      <subfield code="e">author</subfield>
   </datafield>
   <datafield ind2=" " ind1=" " tag="260">
      <subfield code="c">2021</subfield>
   </datafield>
   <datafield ind2=" " ind1=" " tag="520">
      <subfield code="a">Los problemas de estimación en contexto real pueden utilizarse como iniciación en la elaboración de modelos matemáticos. En este estudio se recogieron los planes de resolución individuales de estudiantes (N=224) del grado de Maestro/a en Educación Primaria que se enfrentaron a una secuencia de problemas de estimación contextualizados. Posteriormente, esos mismos estudiantes trabajando en grupos (N=63), resolvieron los mismos problemas realizando mediciones y estimaciones in situ. Así, el estudio se centra en los denominados factores de complejidad, referidos a los aspectos de la resolución con los que se pretende obtener una estimación más precisa. El objetivo es determinar qué factores de complejidad enriquecen los planes de resolución individuales y cuáles son los que enriquecen las resoluciones grupales. Además, se identifica qué características del contexto real promueven que los estudiantes incluyan determinados factores de complejidad, tanto en los planes de resolución individual como en las resoluciones grupales. Los resultados permiten identificar el impacto del trabajo de campo en el proceso de resolución de tareas de estimación formuladas en contextos reales cercanos; en relación al conocimiento del profesor en formación, los resultados permiten identificar carencias en el conocimiento de las tareas matemáticas para la enseñanza.</subfield>
   </datafield>
   <datafield ind2=" " ind1=" " tag="520">
      <subfield code="a">Estimation problems in real context can be used as an introduction to mathematical modelling. In this study we started by collecting the individual solution plans of pre-service primary school teachers (N=224) who were given a sequence of contextualised estimation problems. Afterwards, the same students working in groups (N=63) solved the same problems by performing in situ measurements and estimations for each problem, and their solutions were also analysed and compared with their previous solution plans. In particular, the focus of the study is on the so-called complexity factors, which refer to the elements of the solution that are intended to obtain a more accurate estimate. The aim is to determine which complexity factors enrich individual solution plans and which ones enrich group solutions. Moreover, we identify which characteristics of the real context promote the inclusion of certain complexity factors, both in the individual solution plans and in the group developed solutions. The results allow us to identify the impact of fieldwork in the process of solving estimation tasks formulated in real contexts; related to the pre-service teacher's knowledge, the results allow us to identify shortcomings in the knowledge of mathematical tasks for teaching.</subfield>
   </datafield>
   <datafield tag="653" ind2=" " ind1=" ">
      <subfield code="a">Modelización</subfield>
   </datafield>
   <datafield tag="653" ind2=" " ind1=" ">
      <subfield code="a">Problemas de estimación</subfield>
   </datafield>
   <datafield tag="653" ind2=" " ind1=" ">
      <subfield code="a">Formación de maestros</subfield>
   </datafield>
   <datafield tag="653" ind2=" " ind1=" ">
      <subfield code="a">Problemas de contexto real</subfield>
   </datafield>
   <datafield tag="653" ind2=" " ind1=" ">
      <subfield code="a">Modelling</subfield>
   </datafield>
   <datafield tag="653" ind2=" " ind1=" ">
      <subfield code="a">Estimation problems</subfield>
   </datafield>
   <datafield tag="653" ind2=" " ind1=" ">
      <subfield code="a">Pre-service teacher education</subfield>
   </datafield>
   <datafield tag="653" ind2=" " ind1=" ">
      <subfield code="a">Real-context problems</subfield>
   </datafield>
   <datafield ind2="0" ind1="0" tag="245">
      <subfield code="a">Análisis de los factores de complejidad en planes de resolución individuales y resoluciones grupales de problemas de estimación de contexto real</subfield>
   </datafield>
</record></metadata></record></GetRecord></OAI-PMH>